INDIA-CHINA BOUNDARY PROBLEM: (Record no. 216737)

MARC details
000 -LEADER
fixed length control field 00602nam a22001937a 4500
005 - DATE AND TIME OF LATEST TRANSACTION
control field 20260618115905.0
010 ## - LCCN (DPL NO)
LC control number ENG-147890
020 ## - INTERNATIONAL STANDARD BOOK NUMBER
International Standard Book Number 9780198070689
Terms of availability 795.00
035 ## - SYSTEM CONTROL NUMBER
System control number EN-131422
037 ## - SOURCE OF ACQUISITION
Source of stock number/acquisition DBAD
082 ## - DEWEY DECIMAL CLASSIFICATION NUMBER
Classification number 355.03
100 ## - MAIN ENTRY--PERSONAL NAME
Personal name NOORANI, A.G.
245 ## - TITLE STATEMENT
Title INDIA-CHINA BOUNDARY PROBLEM:
Statement of responsibility, etc BY A.G. NOORANI
Remainder of title 1846-1947 HISTORY AND DIPLOMACY/
260 ## - PUBLICATION, DISTRIBUTION, ETC. (IMPRINT)
Place of publication, distribution, etc NEW DELHI
Name of publisher, distributor, etc OXFORD UNIVERSITY PRESS
Date of publication, distribution, etc 2011
270 ## - ADDRESS
Address YMCA library Building, jai Singh Road, new delhi
City New delhi110001
300 ## - PHYSICAL DESCRIPTION
Extent 351pg.
Dimensions 22cm(pb)
700 ## - ADDED ENTRY--PERSONAL NAME
9 (RLIN) 88786
942 ## - ADDED ENTRY ELEMENTS (KOHA)
Source of classification or shelving scheme Dewey Decimal Classification
Item type English Books
Classification part 355.03
Call number suffix NOO
Holdings
Withdrawn status Lost status Not for loan Collection code Home library Current library Date acquired Source of acquisition Cost, normal purchase price Full call number Barcode Copy number Cost, replacement price Koha item type
    Not For Loan Non-fiction D.B.Act.Division D.B.Act.Division 18/06/2026 DBAD 795.00 355.03 NOO EN-131422 1 795.00 English Books

© Delhi Public Library
Hit Counter
free hit counter